00907 2200325 4500001002100000005001500021035002000036007000300056040001700059100003100076245007000107250001200177300003200189504002400221020002000245041000800265082001100273084001700284090002300301264004500324336002100369337003000390338002300420650001200443850001000455008004100465990002500506990002500531990002500556INLIS00000000000841020260520013625 a0010-0922000899ta aSBPUPADbind0 aHadi AriyantoroePengarang1 aTabulampot Untuk Menambah Penghasilan Keluarga /cHadi Ariyantoro a.-cet.1 aiv,44 Hlm :bilus. ;c24 cm aBibliografi, Hlm 44 a978-979-3483-7407aind a581.16 a581.16 HAD t a581.16 HAD t L17-4 a.--Yogyakarta :bCitra Aji Parama,c2006 2rdacontentateks 2rdamediaatanpa perantara 2rdacarrieravolume 4aTanaman aPUPAD260520 0  a8552/H/KAPD-PDG-2009 a8554/H/KAPD-PDG-2009 a8556/H/KAPD-PDG-2009